Words to do with Christianity Quiz Stats

 Plays Quiz not verified by Sporcle

Challenge
Share
Tweet
Embed
Score 0/13 Timer 04:00
0 Plays Today
% Correct
Jesus
86%
God
83.3%
A Christian
79.5%
The Bible
79.3%
Church
77.9%
Christianity
75%
Trinity
74.1%
Sin
72.4%
Holy Spirit
68.1%
Salvation
66.4%
Kingdom of God
65.4%
Repentance
64%
Resurrection
55.2%

You're not logged in!

Compare scores with friends on all Sporcle quizzes.
OR
Log In

You Might Also Like...

Show Comments

Extras

Created May 21, 2013ReportNominate
Tags:Clickable Quiz

Top Quizzes Today


Score Distribution

Your Account Isn't Verified!

In order to create a playlist on Sporcle, you need to verify the email address you used during registration. Go to your Sporcle Settings to finish the process.

Report this User

Report this user for behavior that violates our Community Guidelines.

Details: